Maiores Cidades do Norte do Brasil - Statistics

Estatísticas Gerais
  • Esse quiz foi jogado 152 vezes
  • A pontuação média é 22 de 40
Estatísticas das Respostas
Posição População Estado Cidade % Correto
1 2.219.580 AM Manaus
99%
2 1.499.641 PA Belém
98%
3 539.354 RO Porto Velho
97%
6 419.652 RR Boa Vista
96%
5 512.902 AP Macapá
96%
9 306.296 TO Palmas
96%
7 413.418 AC Rio Branco
95%
8 306.480 PA Santarém
86%
4 535.547 PA Ananindeua
81%
10 283.542 PA Marabá
77%
23 115.363 AM Parintins
69%
22 115.969 PA Altamira
68%
13 183.381 TO Araguaína
67%
33 89.072 AC Cruzeiro do Sul
66%
18 130.009 RO Ji-Paraná
66%
11 213.576 PA Parauapebas
61%
21 123.096 AP Santana
56%
12 203.251 PA Castanhal
54%
25 114.503 PA Paragominas
52%
30 102.211 RO Vilhena
51%
34 87 545 TO Gurupi
45%
26 109.523 RO Ariquemes
44%
17 132.138 PA São Félix do Xingu
44%
29 102.701 AM Itacoatiara
42%
19 128.914 PA Bragança
39%
28 103.497 PA Breves
36%
36 85.893 RO Cacoal
36%
15 139.364 PA Cametá
35%
14 159.080 PA Abaetetuba
33%
35 85.910 AM Coari
33%
31 101.395 PA Itaituba
33%
16 133.685 PA Marituba
33%
24 115.144 PA Tucuruí
33%
20 127.027 PA Barcarena
30%
27 108.969 PA Tailândia
28%
32 98.502 AM Manacapuru
27%
37 85.563 PA Redenção
17%
40 74.419 PA Santana do Araguaia
16%
38 83.182 PA Moju
15%
39 77.214 PA Novo Repartimento
7%
Nenhum quiz correspondente encontrado
Distribuição das Pontuações
Porcentagem de Pessoas com Cada Pontuação
Percentil de Números Respondidos
Sua Pontuação Histórica
Você não jogou esse quiz